[Event "Alberta op"]
[Site "Calgary CAN"]
[Date "1997.10.11"]
[Round "1"]
[White "South, Robert"]
[Black "Weis, Rod"]
[Result "1-0"]
[WhiteElo "2328"]
[BlackElo "1749"]
[PlyCount "67"]
[GameId "2160767911935947"]
[EventDate "1997.10.11"]
[EventType "swiss"]
[EventRounds "6"]
[EventCountry "CAN"]

1. c4 Nf6 2. d4 e6 3. g3 Be7 4. Nf3 b6 5. Bg2 Bb7 6. O-O O-O 7. Nc3 d5 8. Ne5 c6 9. Qa4 Qc7 10. Bf4 Qc8 11. Rac1 Nbd7 12. cxd5 exd5 13. Nxd5 Nxd5 14. Bxd5 b5 15. Qb3 Nxe5 16. Bxe5 Qd7 17. Bf3 Rac8 18. Rfd1 a5 19. d5 c5 20. d6 Bxf3 21. Qxf3 Bg5 22. Rc2 f6 23. Bf4 Bxf4 24. Qxf4 Rc6 25. Rd5 Rfc8 26. a4 b4 27. Rc4 Rd8 28. Rcxc5 Rxc5 29. Rxc5 Qxa4 30. Qc4+ Kf8 31. Rc7 Qe8 32. Re7 Qg6 33. Qc7 Ra8 34. d7 1-0

[Event "Alberta op"]
[Site "Calgary CAN"]
[Date "1997.10.11"]
[Round "1"]
[White "Vandenberg, Jan"]
[Black "Jackson, Patrick"]
[Result "0-1"]
[WhiteElo "1800"]
[BlackElo "1945"]
[PlyCount "44"]
[GameId "2160767911935948"]
[EventDate "1997.10.11"]
[EventType "swiss"]
[EventRounds "6"]
[EventCountry "CAN"]

1. e4 e5 2. Bc4 Nf6 3. Nf3 Nc6 4. O-O Be7 5. Nc3 O-O 6. a3 d6 7. b4 Be6 8. Bxe6 fxe6 9. Bb2 d5 10. exd5 exd5 11. b5 e4 12. Ng5 Nd4 13. a4 Ne8 14. Nh3 Qd7 15. Ne2 Nf3+ 16. Kh1 Bd6 17. Ng3 Nf6 18. gxf3 Qxh3 19. Rg1 Nh5 20. fxe4 Nxg3+ 21. fxg3 Rf2 22. Qh5 Rxh2# 0-1

[Event "Alberta op"]
[Site "Calgary CAN"]
[Date "1997.10.11"]
[Round "1"]
[White "Vermette, Chris"]
[Black "Kuczaj, Chris"]
[Result "0-1"]
[WhiteElo "1661"]
[BlackElo "2100"]
[PlyCount "78"]
[GameId "2160767911935949"]
[EventDate "1997.10.11"]
[EventType "swiss"]
[EventRounds "6"]
[EventCountry "CAN"]

1. e4 c5 2. Nf3 e6 3. d4 cxd4 4. Nxd4 Nc6 5. Nc3 Qc7 6. f4 a6 7. Be3 b5 8. a3 Bb7 9. Be2 Nf6 10. O-O d6 11. Nxc6 Bxc6 12. Bf3 Rc8 13. Rc1 Be7 14. Qe2 O-O 15. Kh1 Rfe8 16. g4 Qb7 17. Bd4 d5 18. e5 Ne4 19. Nxe4 dxe4 20. Bg2 Red8 21. Bf2 b4 22. Rfe1 bxa3 23. bxa3 Bxa3 24. Rb1 Qe7 25. Qxa6 Bd5 26. Bxe4 Bb4 27. Bxd5 Bxe1 28. Bb6 Rxc2 29. Bxd8 Qxd8 30. Be4 Rxh2+ 31. Kxh2 Qh4+ 32. Kg1 Qg3+ 33. Kh1 Qh3+ 34. Kg1 Qe3+ 35. Kh1 Qxe4+ 36. Kg1 Qe3+ 37. Kh1 Qf3+ 38. Kg1 Bf2+ 39. Kf1 Bg3+ 0-1

[Event "Alberta op"]
[Site "Calgary CAN"]
[Date "1997.10.11"]
[Round "1"]
[White "Wong, Ford"]
[Black "Dewindt, Cor"]
[Result "1-0"]
[WhiteElo "2026"]
[BlackElo "1689"]
[PlyCount "45"]
[GameId "2160767911935950"]
[EventDate "1997.10.11"]
[EventType "swiss"]
[EventRounds "6"]
[EventCountry "CAN"]

1. d4 Nf6 2. c4 e6 3. Nc3 d5 4. Bg5 c6 5. e3 b6 6. Nf3 Be7 7. Rc1 Nbd7 8. Bd3 Bb7 9. cxd5 Nxd5 10. Nxd5 cxd5 11. Bxe7 Qxe7 12. Rc7 Qb4+ 13. Qd2 Qxd2+ 14. Kxd2 Bc8 15. Bb5 Ke7 16. Rhc1 f6 17. Bc6 Rb8 18. Rxa7 Rd8 19. Bb5 Rb7 20. Rxb7 Bxb7 21. Rc7 Ba8 22. Ra7 Kd6 23. Bxd7 1-0

[Event "Alberta op"]
[Site "Calgary CAN"]
[Date "1997.10.11"]
[Round "1"]
[White "Zaradic, Anthony"]
[Black "Goude, Brian"]
[Result "0-1"]
[WhiteElo "1689"]
[BlackElo "1974"]
[PlyCount "64"]
[GameId "2160767911935951"]
[EventDate "1997.10.11"]
[EventType "swiss"]
[EventRounds "6"]
[EventCountry "CAN"]

1. d4 Nf6 2. Nf3 d5 3. Bf4 g6 4. e3 Bg7 5. Bd3 Ne4 6. Nbd2 Bf5 7. c4 Nxf2 8. Kxf2 Bxd3 9. Qb3 dxc4 10. Qxb7 Nd7 11. Bxc7 Qc8 12. Qc6 O-O 13. Nxc4 a5 14. Rac1 Ra6 15. Nb6 Nxb6 16. Bxb6 Qb8 17. Qc3 Rxb6 18. Qxd3 Rxb2+ 19. Rc2 Qb4 20. Rhc1 Rc8 21. Ne1 Rxa2 22. Rxa2 Rxc1 23. Qe2 Rc3 24. Nd3 Qc4 25. Nc5 Bxd4 26. Qxc4 Bxe3+ 27. Ke2 Rxc4 28. Kxe3 Rxc5 29. Kd4 Rf5 30. Ke4 h5 31. h3 h4 32. Ra4 e6 0-1

[Event "Alberta op"]
[Site "Calgary CAN"]
[Date "1997.10.11"]
[Round "2"]
[White "Dewindt, Cor"]
[Black "Sauve, Steve"]
[Result "1/2-1/2"]
[WhiteElo "1689"]
[BlackElo "1777"]
[PlyCount "49"]
[GameId "2160767911935952"]
[EventDate "1997.10.11"]
[EventType "swiss"]
[EventRounds "6"]
[EventCountry "CAN"]

1. b4 d5 2. e3 Nf6 3. d4 g6 4. c4 dxc4 5. Bxc4 Bg7 6. Bb2 O-O 7. Nf3 Bg4 8. Nbd2 Nc6 9. a3 Nd5 10. h3 Bc8 11. Rc1 a6 12. Qb3 e6 13. Ne4 Nce7 14. O-O c6 15. Nc3 Re8 16. Rfd1 Bh6 17. Ne4 Bg7 18. Nc5 Bh6 19. Ne4 Nf5 20. Re1 Nd6 21. Nxd6 Qxd6 22. Bf1 Qe7 23. Qc2 Bd7 24. Qc5 Qxc5 25. dxc5 1/2-1/2

[Event "Alberta op"]
[Site "Calgary CAN"]
[Date "1997.10.11"]
[Round "2"]
[White "Fullbrook, Nigel"]
[Black "Gomes, Alan"]
[Result "1-0"]
[WhiteElo "2301"]
[BlackElo "1877"]
[PlyCount "65"]
[GameId "2160767911935953"]
[EventDate "1997.10.11"]
[EventType "swiss"]
[EventRounds "6"]
[EventCountry "CAN"]

1. e4 e5 2. f4 d6 3. Nf3 Bg4 4. Bc4 Nd7 5. Nc3 Be6 6. Bxe6 fxe6 7. d4 exd4 8. Nxd4 Qe7 9. f5 e5 10. Ne6 Nc5 11. Bg5 Qf7 12. Nd5 Rc8 13. Qg4 Nf6 14. Bxf6 gxf6 15. b4 h5 16. Qg6 Nxe6 17. Nxf6+ Ke7 18. Nd5+ Ke8 19. Qxe6+ Qxe6 20. fxe6 Rh6 21. O-O Be7 22. Rf5 h4 23. Raf1 Rxe6 24. Rh5 Bd8 25. Rh8+ Kd7 26. Rf7+ Kc6 27. c4 b5 28. Rxd8 Kb7 29. Rxc8 Kxc8 30. Rxc7+ Kb8 31. cxb5 Rg6 32. h3 Rg3 33. Rc3 1-0

[Event "Alberta op"]
[Site "Calgary CAN"]
[Date "1997.10.11"]
[Round "2"]
[White "Goude, Brian"]
[Black "Haessel, Dale"]
[Result "0-1"]
[WhiteElo "1974"]
[BlackElo "2272"]
[PlyCount "79"]
[GameId "2160767911935954"]
[EventDate "1997.10.11"]
[EventType "swiss"]
[EventRounds "6"]
[EventCountry "CAN"]

1. e4 c5 2. Nf3 d6 3. d4 cxd4 4. Nxd4 Nf6 5. Nc3 a6 6. Bc4 b5 7. Bb3 e6 8. a3 Be7 9. f3 O-O 10. Be3 Bb7 11. Qe2 Nbd7 12. Bxe6 fxe6 13. Nxe6 Qa5 14. b4 Rfc8 15. bxa5 Rxc3 16. Bd4 Rc4 17. O-O Kf7 18. Ng5+ Kg6 19. Be3 Rac8 20. Rfc1 d5 21. f4 Nxe4 22. f5+ Kf6 23. Nxh7+ Kf7 24. Qh5+ Kg8 25. Ng5 Nxg5 26. Bxg5 Bc5+ 27. Kf1 Rf8 28. g4 Ne5 29. Re1 Nxg4 30. Be7 Rf4+ 31. Kg2 R8xf5 32. Qe8+ Kh7 33. Bxc5 d4+ 34. Kg3 Nf2 35. Qe2 Ne4+ 36. Qxe4 Bxe4 37. Bxd4 Rf3+ 38. Kg4 R5f4+ 39. Kg5 Bf5 40. h3 0-1

[Event "Alberta op"]
[Site "Calgary CAN"]
[Date "1997.10.11"]
[Round "2"]
[White "Hansen, Steve"]
[Black "Zaradic, Anthony"]
[Result "0-1"]
[WhiteElo "1754"]
[BlackElo "1689"]
[PlyCount "72"]
[GameId "2160767911935955"]
[EventDate "1997.10.11"]
[EventType "swiss"]
[EventRounds "6"]
[EventCountry "CAN"]

1. e4 e6 2. d4 d5 3. e5 c5 4. c3 Nc6 5. Nf3 Qb6 6. Bd3 Bd7 7. Bc2 cxd4 8. cxd4 Bb4+ 9. Nc3 Rc8 10. O-O Nge7 11. Ne2 Qc7 12. Bf4 Ng6 13. Bg3 Ba5 14. Rc1 Qb6 15. b3 Bb4 16. Ra1 Ba3 17. h4 Nb4 18. Bd3 Nxd3 19. Qxd3 Bb5 20. Qe3 Rc2 21. Nd2 Bxe2 22. Qxe2 Qxd4 23. Rad1 O-O 24. Qe1 Qc5 25. h5 Ne7 26. Kh1 Nf5 27. Nf3 Bb4 28. Nd2 Qc3 29. Bf4 a5 30. Rc1 Rc8 31. Rxc2 Qxc2 32. g4 Qd3 33. gxf5 Rc2 34. fxe6 fxe6 35. Rg1 Qh3+ 36. Bh2 Bxd2 0-1

[Event "Alberta op"]
[Site "Calgary CAN"]
[Date "1997.10.11"]
[Round "2"]
[White "Jackson, Patrick"]
[Black "Sharp, Nigel"]
[Result "1-0"]
[WhiteElo "1945"]
[BlackElo "1448"]
[PlyCount "60"]
[GameId "2160767911935956"]
[EventDate "1997.10.11"]
[EventType "swiss"]
[EventRounds "6"]
[EventCountry "CAN"]

1. e4 c5 2. c3 d5 3. exd5 Qxd5 4. d4 Nf6 5. Nf3 Bg4 6. Be2 e6 7. O-O Bd6 8. c4 Qc6 9. Nc3 O-O 10. Ne5 Bxe5 11. dxe5 Bxe2 12. Qxe2 Nfd7 13. Rd1 Rd8 14. Bg5 Rc8 15. Rd6 Qc7 16. Nb5 Qa5 17. a4 a6 18. Bd2 Qd8 19. Nc3 Nc6 20. Bf4 Nd4 21. Qg4 g6 22. Rd1 Rc6 23. Rxc6 Nxc6 24. Rd6 Nd4 25. Ne4 f5 26. Nf6+ Kg7 27. Bh6+ Kf7 28. Qd1 Ke7 29. Rxd7+ Qxd7 30. Nxd7 Kxd7 1-0

[Event "Alberta op"]
[Site "Calgary CAN"]
[Date "1997.10.11"]
[Round "2"]
[White "Kaastrup, Jens"]
[Black "Vermette, Chris"]
[Result "0-1"]
[WhiteElo "1741"]
[BlackElo "1661"]
[PlyCount "46"]
[GameId "2160767911935957"]
[EventDate "1997.10.11"]
[EventType "swiss"]
[EventRounds "6"]
[EventCountry "CAN"]

1. e4 d6 2. c4 Nf6 3. Nc3 c5 4. Nf3 g6 5. d4 cxd4 6. Nxd4 Bg7 7. Bg5 Qa5 8. Qd2 Nxe4 9. Nxe4 Qxd2+ 10. Nxd2 Bxd4 11. Rb1 Bf5 12. Nf3 Bxf2+ 13. Kxf2 Bxb1 14. c5 Be4 15. cxd6 exd6 16. Bf6 O-O 17. Nd4 Nc6 18. Nb5 Ne5 19. Be2 Nd7 20. Be7 d5 21. Bxf8 Nxf8 22. Rc1 Ne6 23. g3 b6 0-1

[Event "Alberta op"]
[Site "Calgary CAN"]
[Date "1997.10.11"]
[Round "2"]
[White "Knoll, Frank"]
[Black "Vandenberg, Jan"]
[Result "0-1"]
[WhiteElo "1690"]
[BlackElo "1800"]
[PlyCount "54"]
[GameId "2160767911935958"]
[EventDate "1997.10.11"]
[EventType "swiss"]
[EventRounds "6"]
[EventCountry "CAN"]

1. e4 e5 2. Nf3 d6 3. d4 exd4 4. Nxd4 Nf6 5. Nc3 Be7 6. Bc4 O-O 7. O-O c6 8. a4 a5 9. Bb3 Nbd7 10. Nf5 Nc5 11. Ng3 Be6 12. Bxe6 fxe6 13. Be3 d5 14. e5 Nfd7 15. Qe2 Qb6 16. b3 Qb4 17. Na2 Qh4 18. Rad1 Bg5 19. Rd4 Qh6 20. f4 Be7 21. Qg4 Qh4 22. Qe2 Qh6 23. Nc1 Qg6 24. c4 Na6 25. Rdd1 Bc5 26. cxd5 Bxe3+ 27. Qxe3 cxd5 0-1

[Event "Alberta op"]
[Site "Calgary CAN"]
[Date "1997.10.11"]
[Round "2"]
[White "Miller, Chris"]
[Black "Olson, Hans"]
[Result "1/2-1/2"]
[WhiteElo "1512"]
[BlackElo "1753"]
[PlyCount "85"]
[GameId "2160767911935959"]
[EventDate "1997.10.11"]
[EventType "swiss"]
[EventRounds "6"]
[EventCountry "CAN"]

1. e4 e5 2. Nf3 Nc6 3. Bc4 Bc5 4. b4 Bxb4 5. c3 Ba5 6. d4 exd4 7. Qb3 Qf6 8. Bd2 Nge7 9. O-O O-O 10. Re1 d6 11. h3 h6 12. Qc2 Bxh3 13. Qd3 dxc3 14. Nxc3 Bg4 15. Nh2 Be6 16. Nd5 Bxd5 17. exd5 Ne5 18. Rxe5 Bxd2 19. Ng4 Qf4 20. Rxe7 Qxg4 21. Qxd2 Qxc4 22. Rc1 Qa6 23. Rcxc7 b5 24. Qf4 Qxa2 25. Rxf7 Qb1+ 26. Kh2 Qg6 27. Rxg7+ Qxg7 28. Rxg7+ Kxg7 29. Qxd6 Rad8 30. Qe5+ Kg6 31. f4 Rfe8 32. f5+ Kg5 33. Qg7+ Kxf5 34. Qxa7 Rxd5 35. Qf7+ Ke4 36. Qxe8+ Kd3 37. Qg6+ Kc3 38. Qxh6 b4 39. Qc6+ Kd4 40. Qb6+ Kc4 41. Qc6+ Rc5 42. Qe6+ Kc3 43. Qe3+ 1/2-1/2

[Event "Alberta op"]
[Site "Calgary CAN"]
[Date "1997.10.11"]
[Round "2"]
[White "Nguyen, Kim"]
[Black "Odachowski, Arthur"]
[Result "0-1"]
[WhiteElo "1607"]
[BlackElo "2181"]
[PlyCount "58"]
[GameId "2160767911935960"]
[EventDate "1997.10.11"]
[EventType "swiss"]
[EventRounds "6"]
[EventCountry "CAN"]

1. e4 c5 2. Nf3 Nc6 3. d4 cxd4 4. Nxd4 Nf6 5. Nc3 d6 6. Bc4 e6 7. Bb3 Be7 8. Be3 a6 9. f4 Qc7 10. Qf3 Na5 11. g4 b5 12. g5 Nxb3 13. cxb3 Nd7 14. h4 Bb7 15. Rh2 Nc5 16. Rc2 b4 17. Na4 Rc8 18. Nxc5 dxc5 19. Ne2 a5 20. Rac1 O-O 21. h5 f5 22. gxf6 Rxf6 23. Bd4 e5 24. Qg4 exd4 25. e5 Rc6 26. h6 Rg6 27. Qf5 Rf8 28. Qd3 Ba6 29. Qxd4 Bh4+ 0-1

[Event "Alberta op"]
[Site "Calgary CAN"]
[Date "1997.10.11"]
[Round "2"]
[White "Quiring, John"]
[Black "South, Robert"]
[Result "1-0"]
[WhiteElo "1968"]
[BlackElo "2328"]
[PlyCount "73"]
[GameId "2160767911935961"]
[EventDate "1997.10.11"]
[EventType "swiss"]
[EventRounds "6"]
[EventCountry "CAN"]

1. e4 c5 2. Nc3 e6 3. f4 Nc6 4. Nf3 Nf6 5. Bb5 Nd4 6. e5 Nxb5 7. Nxb5 Nd5 8. O-O a6 9. Nc3 Nxc3 10. bxc3 d5 11. d4 Qa5 12. Bd2 Qa4 13. Kh1 Bd7 14. Qb1 Bb5 15. Rf2 Be7 16. Qb3 g6 17. Rb1 O-O-O 18. Be3 c4 19. Qxa4 Bxa4 20. g4 h5 21. Ng5 hxg4 22. Nxf7 Rh3 23. Nxd8 Bxd8 24. Re2 g3 25. Rg1 Bh4 26. Rgg2 Kd7 27. Kg1 Ke8 28. hxg3 Bxg3 29. Bc1 Bh4 30. Rxg6 Kf7 31. Reg2 Rxc3 32. Rg7+ Ke8 33. Rh7 Bg3 34. Bd2 Rf3 35. Be1 Bxc2 36. Rxb7 Bd3 37. Rxg3 1-0

[Event "Alberta op"]
[Site "Calgary CAN"]
[Date "1997.10.11"]
[Round "2"]
[White "Ristovic, Nenad"]
[Black "Wong, Ford"]
[Result "1-0"]
[WhiteElo "2356"]
[BlackElo "2026"]
[PlyCount "77"]
[GameId "2160767911935962"]
[EventDate "1997.10.11"]
[EventType "swiss"]
[EventRounds "6"]
[EventCountry "CAN"]

1. d4 Nf6 2. c4 g6 3. g3 Bg7 4. Bg2 O-O 5. Nc3 c6 6. e4 d6 7. h3 Nbd7 8. Nf3 e5 9. O-O h6 10. Re1 a6 11. a4 Rb8 12. Be3 Re8 13. Qc2 Qc7 14. Rec1 Nf8 15. Qd2 Kh7 16. c5 N6d7 17. cxd6 Qxd6 18. d5 Qb4 19. Ne1 cxd5 20. Nd3 Qa5 21. b4 Qd8 22. Nxd5 Ne6 23. Nc5 Ndxc5 24. bxc5 Nd4 25. Rab1 Bd7 26. Qa2 Be6 27. Rb6 Nc6 28. Rcb1 Re7 29. Qb2 Re8 30. Rxb7 Rxb7 31. Qxb7 Qc8 32. Bf1 Nd4 33. Bxd4 exd4 34. c6 Bxh3 35. Bxa6 Qe6 36. Nf4 Qg4 37. Nxh3 Qxh3 38. Qxf7 Rxe4 39. c7 1-0

[Event "Alberta op"]
[Site "Calgary CAN"]
[Date "1997.10.11"]
[Round "2"]
[White "Sokol, Andreas"]
[Black "McLean, Nathan"]
[Result "1-0"]
[WhiteElo "1709"]
[BlackElo "1939"]
[PlyCount "51"]
[GameId "2160767911935963"]
[EventDate "1997.10.11"]
[EventType "swiss"]
[EventRounds "6"]
[EventCountry "CAN"]

1. e4 e5 2. f4 d6 3. Nf3 Nc6 4. Bc4 Nf6 5. Nc3 Bg4 6. O-O Nd4 7. fxe5 dxe5 8. Bxf7+ Kxf7 9. Nxe5+ Kg8 10. Nxg4 Nxg4 11. Qxg4 Bc5 12. Kh1 h5 13. Qd1 Qh4 14. g3 Qh3 15. Ne2 g5 16. Ng1 Qe6 17. d3 g4 18. Bf4 h4 19. c3 hxg3 20. Bxg3 Bd6 21. Kg2 Bxg3 22. hxg3 Rh2+ 23. Kxh2 Kg7 24. cxd4 Rh8+ 25. Kg2 Qg6 26. Rf4 1-0

[Event "Alberta op"]
[Site "Calgary CAN"]
[Date "1997.10.11"]
[Round "2"]
[White "Walker, Warrick"]
[Black "Alderton, Peter"]
[Result "1-0"]
[WhiteElo "2190"]
[BlackElo "1647"]
[PlyCount "59"]
[GameId "2160767911935964"]
[EventDate "1997.10.11"]
[EventType "swiss"]
[EventRounds "6"]
[EventCountry "CAN"]

1. e4 e5 2. Nf3 Nc6 3. d4 exd4 4. Nxd4 Nf6 5. Nxc6 bxc6 6. e5 Nd5 7. c4 Bb4+ 8. Nd2 Nf4 9. a3 Be7 10. Nf3 Ng6 11. Bd3 d6 12. Be4 Bb7 13. Qa4 O-O 14. Bxc6 Bxc6 15. Qxc6 Re8 16. O-O dxe5 17. Be3 Qd6 18. Qe4 Red8 19. b4 a5 20. Bc5 Qe6 21. Bxe7 Qxe7 22. c5 f6 23. g3 Qe6 24. Rad1 f5 25. Ng5 Qf6 26. Qc4+ Kh8 27. Nf7+ Kg8 28. Nxd8+ Kf8 29. Ne6+ Ke7 30. Nxc7 1-0

[Event "Alberta op"]
[Site "Calgary CAN"]
[Date "1997.10.11"]
[Round "2"]
[White "Weis, Rod"]
[Black "Day, Jonathan"]
[Result "0-1"]
[WhiteElo "1749"]
[BlackElo "1614"]
[PlyCount "28"]
[GameId "2160767911935965"]
[EventDate "1997.10.11"]
[EventType "swiss"]
[EventRounds "6"]
[EventCountry "CAN"]

1. d4 e6 2. c4 Nf6 3. Nf3 b6 4. a3 Bb7 5. e3 d5 6. Nc3 Nbd7 7. Bd3 Be7 8. cxd5 exd5 9. O-O O-O 10. Bd2 Ne4 11. Na2 Ndf6 12. Nc1 a5 13. Bc2 Bd6 14. h3 Qe7 0-1

[Event "Alberta op"]
[Site "Calgary CAN"]
[Date "1997.10.12"]
[Round "3"]
[White "Alderton, Peter"]
[Black "Kuczaj, Chris"]
[Result "0-1"]
[WhiteElo "1647"]
[BlackElo "2100"]
[PlyCount "64"]
[GameId "2160767911935966"]
[EventDate "1997.10.11"]
[EventType "swiss"]
[EventRounds "6"]
[EventCountry "CAN"]

1. e4 c5 2. d4 cxd4 3. c3 Nf6 4. e5 Nd5 5. Bc4 Nb6 6. Bb3 Nc6 7. Nf3 d5 8. O-O Bg4 9. h3 Bxf3 10. Qxf3 Nxe5 11. Qg3 Nc6 12. cxd4 Nxd4 13. Nc3 e6 14. Bd1 a6 15. Be3 Nf5 16. Qf3 Nxe3 17. fxe3 Qd7 18. Rc1 Bd6 19. Na4 Nxa4 20. Bxa4 b5 21. Bb3 O-O 22. Rc2 Rac8 23. Rcf2 Bc5 24. Bc2 g6 25. Kh1 Qa7 26. Re1 Qe7 27. Ref1 Qg5 28. Re1 Bd6 29. Ref1 f5 30. Rb1 Rc4 31. b3 Rc3 32. Rg1 Rxe3 0-1

[Event "Alberta op"]
[Site "Calgary CAN"]
[Date "1997.10.12"]
[Round "3"]
[White "Haessel, Dale"]
[Black "Jackson, Patrick"]
[Result "1-0"]
[WhiteElo "2272"]
[BlackElo "1945"]
[PlyCount "51"]
[GameId "2160767911935967"]
[EventDate "1997.10.11"]
[EventType "swiss"]
[EventRounds "6"]
[EventCountry "CAN"]

1. e4 e5 2. Nf3 Nf6 3. d4 Nxe4 4. Bd3 d5 5. Nxe5 Bd6 6. O-O O-O 7. Nd2 Nd7 8. Nxe4 Nxe5 9. dxe5 dxe4 10. Bxe4 Bxe5 11. Bxh7+ Kxh7 12. Qh5+ Kg8 13. Qxe5 Re8 14. Qc3 Re6 15. Bf4 Rc6 16. Qg3 Rxc2 17. Be5 g6 18. Rad1 Qe7 19. Qf4 Bf5 20. Rfe1 Kh7 21. g4 Be6 22. g5 Rc4 23. Rd4 Rxd4 24. Bxd4 Kg8 25. Qe5 f6 26. gxf6 1-0

[Event "Alberta op"]
[Site "Calgary CAN"]
[Date "1997.10.12"]
[Round "3"]
[White "Hansen, Steve"]
[Black "Kaastrup, Jens"]
[Result "1-0"]
[WhiteElo "1754"]
[BlackElo "1741"]
[PlyCount "57"]
[GameId "2160767911935968"]
[EventDate "1997.10.11"]
[EventType "swiss"]
[EventRounds "6"]
[EventCountry "CAN"]

1. e4 e5 2. Nf3 Nc6 3. Bb5 a6 4. Ba4 Nf6 5. O-O d6 6. Re1 b5 7. Bb3 Be6 8. c3 Bxb3 9. Qxb3 Be7 10. d4 exd4 11. cxd4 O-O 12. Bg5 h6 13. Bh4 Re8 14. Nc3 Na5 15. Qc2 c6 16. Rad1 Nh5 17. Bxe7 Rxe7 18. Nh4 g6 19. e5 dxe5 20. dxe5 Qc7 21. Nxg6 Re6 22. Nh4 Rxe5 23. Nf5 Rxe1+ 24. Rxe1 Qf4 25. g3 Qg5 26. Re5 Kf8 27. Ne4 Qg6 28. Qc5+ Kg8 29. Ne7+ 1-0

[Event "Alberta op"]
[Site "Calgary CAN"]
[Date "1997.10.12"]
[Round "3"]
[White "Huber, Gregory"]
[Black "Walker, Warrick"]
[Result "1-0"]
[WhiteElo "2366"]
[BlackElo "2190"]
[PlyCount "59"]
[GameId "2160767911935969"]
[EventDate "1997.10.11"]
[EventType "swiss"]
[EventRounds "6"]
[EventCountry "CAN"]

1. e4 c5 2. Nc3 Nc6 3. Nge2 d6 4. g3 g6 5. Bg2 Bg7 6. O-O e6 7. d3 b6 8. Be3 Nge7 9. Qd2 O-O 10. Rad1 Ba6 11. Rfe1 Nd4 12. Nc1 Rc8 13. Nb1 e5 14. c3 Ndc6 15. Na3 d5 16. Qc2 d4 17. Bg5 f6 18. Bd2 b5 19. Nxb5 Bxb5 20. Qb3+ Kh8 21. Qxb5 Qd6 22. Qa4 Nd8 23. b4 Ne6 24. bxc5 Nxc5 25. Qa3 dxc3 26. Bxc3 Nxe4 27. Bb4 Qb6 28. Bxe4 Rc2 29. d4 Rxa2 30. Nxa2 1-0

[Event "Alberta op"]
[Site "Calgary CAN"]
[Date "1997.10.12"]
[Round "3"]
[White "Odachowski, Arthur"]
[Black "Ristovic, Nenad"]
[Result "1-0"]
[WhiteElo "2181"]
[BlackElo "2356"]
[PlyCount "87"]
[GameId "2160767911935970"]
[EventDate "1997.10.11"]
[EventType "swiss"]
[EventRounds "6"]
[EventCountry "CAN"]

1. d4 d5 2. c4 e6 3. cxd5 exd5 4. Nc3 c6 5. Bf4 Bd6 6. Bxd6 Qxd6 7. e3 Ne7 8. Bd3 Nd7 9. Nge2 Nf6 10. Qc2 g6 11. f3 O-O 12. O-O Nf5 13. Bxf5 Bxf5 14. Qd2 Rad8 15. Rad1 Qe7 16. Ng3 Bc8 17. e4 dxe4 18. fxe4 Ng4 19. h3 Qh4 20. Qf4 g5 21. Qf3 Nh6 22. e5 Rxd4 23. Nce4 Rxd1 24. Rxd1 Qf4 25. Nf6+ Kh8 26. Qc3 Be6 27. Rf1 Qh4 28. Qd3 Ng8 29. Qd6 Rc8 30. Nf5 Qc4 31. Nxg8 Rxg8 32. Nh6 Re8 33. Rxf7 g4 34. Rf8+ Kg7 35. Nf5+ Kg6 36. Rf6+ Kh5 37. Ng7+ Kg5 38. Qd2+ Kh4 39. Qh6+ Kg3 40. Nh5+ Kh4 41. Nf4+ Kg3 42. Nh5+ Kh4 43. Ng7+ Kg3 44. Qe3+ 1-0

[Event "Alberta op"]
[Site "Calgary CAN"]
[Date "1997.10.12"]
[Round "3"]
[White "Quiring, John"]
[Black "Fullbrook, Nigel"]
[Result "0-1"]
[WhiteElo "1968"]
[BlackElo "2301"]
[PlyCount "44"]
[GameId "2160767911935971"]
[EventDate "1997.10.11"]
[EventType "swiss"]
[EventRounds "6"]
[EventCountry "CAN"]

1. e4 Nf6 2. d3 d5 3. e5 Nfd7 4. d4 e6 5. Bd3 c5 6. c3 Nc6 7. Ne2 Qb6 8. Bc2 cxd4 9. cxd4 f5 10. exf6 Nxf6 11. O-O Bd6 12. Nbc3 O-O 13. h3 Bd7 14. a3 Rac8 15. Qd3 Na5 16. Bg5 g6 17. Rab1 Nc4 18. Nf4 Nxb2 19. Nxg6 Nxd3 20. Rxb6 axb6 21. Nxf8 Rxc3 22. Bxf6 Bxf8 0-1

[Event "Alberta op"]
[Site "Calgary CAN"]
[Date "1997.10.12"]
[Round "3"]
[White "Sauve, Steve"]
[Black "Miller, Chris"]
[Result "1-0"]
[WhiteElo "1777"]
[BlackElo "1512"]
[PlyCount "63"]
[GameId "2160767911935972"]
[EventDate "1997.10.11"]
[EventType "swiss"]
[EventRounds "6"]
[EventCountry "CAN"]

1. c4 f5 2. Nf3 Nf6 3. Nc3 g6 4. b3 Bg7 5. Bb2 c6 6. d4 O-O 7. g3 d6 8. d5 e5 9. dxe6 Bxe6 10. Bg2 h6 11. O-O Na6 12. Qd2 Rf7 13. Rfd1 Rd7 14. Nd4 Nc7 15. Nxe6 Nxe6 16. e4 fxe4 17. Nxe4 Nxe4 18. Bxe4 Bxb2 19. Qxb2 Qg5 20. Rd2 Rad8 21. Bg2 h5 22. Rad1 h4 23. Rd3 hxg3 24. fxg3 Nc5 25. Rd4 Ne6 26. Rh4 Rh7 27. Qe2 Qe7 28. Re4 Re8 29. Re1 Kf7 30. Rf1+ Kg8 31. Qg4 Rg7 32. Bh3 1-0

[Event "Alberta op"]
[Site "Calgary CAN"]
[Date "1997.10.12"]
[Round "3"]
[White "Sharp, Nigel"]
[Black "Dewindt, Cor"]
[Result "0-1"]
[WhiteElo "1448"]
[BlackElo "1689"]
[PlyCount "84"]
[GameId "2160767911935973"]
[EventDate "1997.10.11"]
[EventType "swiss"]
[EventRounds "6"]
[EventCountry "CAN"]

1. e4 d5 2. exd5 Qxd5 3. Nc3 Qa5 4. d3 e6 5. Bd2 Bb4 6. Nf3 Nd7 7. Be2 Ngf6 8. O-O c6 9. Ne4 Nxe4 10. dxe4 Bxd2 11. Qxd2 Qxd2 12. Nxd2 O-O 13. Rad1 b6 14. Nc4 Nf6 15. Nd6 Rb8 16. e5 Nd5 17. Nxc8 Rbxc8 18. c4 Nf4 19. Bf3 Ng6 20. Rfe1 Rfd8 21. Rxd8+ Rxd8 22. Bxc6 Nxe5 23. Bb5 Ng6 24. h3 Rd2 25. Rb1 Ne5 26. a3 Nd3 27. b4 Nxf2 28. Rf1 Ne4 29. Re1 Nd6 30. Re5 Rd4 31. a4 Nxb5 32. Rxb5 Rxc4 33. a5 Rc6 34. axb6 axb6 35. Re5 f6 36. Rb5 Kf7 37. Rh5 h6 38. Rb5 e5 39. Kf2 Ke6 40. Ke3 Rd6 41. g4 Kd7 42. Ke4 Kc6 0-1

[Event "Alberta op"]
[Site "Calgary CAN"]
[Date "1997.10.12"]
[Round "3"]
[White "South, Robert"]
[Black "Sokol, Andreas"]
[Result "1-0"]
[WhiteElo "2328"]
[BlackElo "1709"]
[PlyCount "97"]
[GameId "2160767911935974"]
[EventDate "1997.10.11"]
[EventType "swiss"]
[EventRounds "6"]
[EventCountry "CAN"]

1. c4 e5 2. g3 d6 3. Bg2 f5 4. Nc3 Nf6 5. d4 e4 6. f3 exf3 7. exf3 Be7 8. Nh3 O-O 9. O-O Nbd7 10. Re1 h6 11. Qe2 Rf7 12. Nf4 Nf8 13. Be3 g5 14. Nfd5 Nxd5 15. Nxd5 Bf6 16. f4 g4 17. Bf2 c6 18. Nxf6+ Rxf6 19. d5 c5 20. b3 Bd7 21. a4 a5 22. Qb2 Ng6 23. Re3 Qf8 24. Rae1 Rf7 25. R1e2 Qg7 26. Qc1 Re7 27. Be1 b6 28. Bc3 Qf7 29. Rxe7 Nxe7 30. Re6 Bxe6 31. dxe6 Qf8 32. Bxa8 Qxa8 33. Qd1 Qc6 34. Bf6 Kf8 35. Qd3 Qf3 36. Qxf3 gxf3 37. Kf2 Ke8 38. Kxf3 h5 39. Kg2 Nc6 40. Kh3 Nd4 41. Kh4 Nxe6 42. Kxh5 Nd4 43. Kg6 Nxb3 44. h4 b5 45. h5 bxc4 46. h6 Nd4 47. h7 c3 48. h8=Q+ Kd7 49. Bxd4 1-0